| 000 | 01129cam a2200313 i 4500 | ||
|---|---|---|---|
| 001 | 24793 | ||
| 003 | Mx-PuUPA | ||
| 005 | 20251015112117.0 | ||
| 008 | 140415s2005 mx a gr 001 e spa d | ||
| 020 | _a9706652310 | ||
| 040 |
_aMx-PuUPA _bspa _cMx-PuUPA _dMx-PuUPA _erda |
||
| 041 | 0 | _aspa | |
| 100 | 1 |
_aGertz Manero, Federico, _917515 _eautor |
|
| 245 | 1 | 0 |
_aEconomía, contabilidad y derecho : _b(ensayo histórico) / _cFederico Gertz Manero |
| 250 |
_aPrimera edición / _bnoviembre |
||
| 264 | 1 |
_aMéxico, D.F. : _bInstituto Mexicano de Contadores Públicos, _c2005 |
|
| 300 |
_a115 páginas : _bilustraciones (blanco y negro) ; _c22 cm |
||
| 336 |
_2rdacontent _atexto _btxt |
||
| 337 |
_2rdamedia _asin medio _bn |
||
| 338 |
_2rdacarrier _avolumen _bnc |
||
| 650 | 7 |
_2armarc _aContabilidad _xHistoria |
|
| 650 | 7 |
_2armarc _aContabilidad _xLegislación |
|
| 650 | 7 |
_2armarc _aDerecho _xHistoria |
|
| 650 | 7 |
_2armarc _aEconomía _xHistoria |
|
| 942 |
_2ddc _cLI _h657.09 _iG35 |
||
| 999 |
_c24793 _d24793 |
||